|
|
|
|
| LEADER |
01646cam a2200289 a 4500 |
| 001 |
10108842 |
| 003 |
GR-PaULI |
| 005 |
20250220085851.0 |
| 008 |
130306s2011 gr f 0 gre d |
| 952 |
|
|
|0 0
|1 0
|2 ddc
|4 0
|6 332_494000000000000_GRA
|7 0
|9 241539
|a LISP
|b LISP
|c BSC
|d 2020-06-29
|i 147687
|l 0
|o 332.494 GRA
|p 025000274721
|r 2020-06-29 00:00:00
|t 1
|v 2020.00
|w 2020-06-29
|y BK15
|
| 999 |
|
|
|c 145742
|d 145742
|
| 020 |
|
|
|a 9789600114294
|
| 040 |
|
|
|a GR-PaULI
|c GR-PaULI
|b gre
|e AACR2
|
| 082 |
0 |
4 |
|a 332.494
|2 23
|
| 100 |
1 |
|
|9 8462
|a Grauwe, Paul de
|e συγγραφέας.
|
| 245 |
1 |
3 |
|a Tα οικονομικά της νομισματικής ένωσης /
|c Paul De Grauwe ; επιστημονική επιμέλεια Θοδωρής Κ. Πελαγίδης, Γεώργιος Ευ. Χορταρέας μετάφραση Ανδρέας Σοκοδήμος.
|
| 260 |
|
|
|a Αθήνα :
|b Παπαζήσης,
|c 2003.
|
| 300 |
|
|
|a 344 σ. :
|b εικ. ;
|c 24 εκ.
|
| 500 |
|
|
|a Είναι μετάφραση της 4ης διεθνής έκδοσης.
|
| 504 |
|
|
|6 Περιλαμβάνει βιβλιογραφία.
|
| 610 |
2 |
4 |
|9 181471
|a Ευρωπαϊκό Νομισματικό Σύστημα
|
| 650 |
|
4 |
|a Νομισματική πολιτική
|z Ευρωπαϊκή Ένωση, Χώρες της
|9 8461
|
| 700 |
1 |
|
|a Πελαγίδης, Θεόδωρος Κ.
|e επιμελητής.
|9 17114
|
| 700 |
1 |
|
|9 181470
|a Χορταρέας, Γεώργιος Ευ.
|e επιμελητής.
|
| 700 |
1 |
|
|a Σοκοδήμος, Ανδρέας
|e μεταφραστής.
|9 11656
|
| 942 |
|
|
|2 ddc
|c BK15
|
| 998 |
|
|
|c ΜΠΟΥΡΑΣ
|d 2020-06
|